000
00274nam a2200121 a 4500
008
101026s1967|||| d
100
1
_a
Mažár, Štefan
245
1
0
_a
Traja vo víre
260
_b
Obzor
_a
Bratislava
_c
1967
020
_c
20
041
_a
slo
044
_a
xo
_c
SK
999
_c
12273
_d
12273